[Event "GER-ch U25-B"]
[Site "Willingen"]
[Date "2019.06.14"]
[Round "8"]
[White "Diegel, Jonas"]
[Black "Werner, Tom"]
[Result "1-0"]
[WhiteElo "1787"]
[BlackElo "1772"]
[PlyCount "67"]
[EventDate "2019.06.08"]
[EventType "swiss"]
[EventRounds "9"]
[EventCountry "GER"]
[SourceTitle "CBM 191 Extra"]
[Source "ChessBase"]
[SourceDate "2019.09.30"]
[SourceVersion "1"]
[SourceVersionDate "2019.09.30"]
[SourceQuality "1"]

1. d4 Nf6 2. Nf3 b6 3. c4 e6 4. Bg5 Be7 5. Nc3 Bb7 6. e3 0-0 7. Bd3 h6 8. Bh4 c5 9. 0-0 Nc6 10. a3 d6 11. Qe2 Rc8 12. Rfd1 Nh5 13. Bxe7 Qxe7 14. d5 Nb8 15. Rd2 e5 16. Bf5 Rce8 17. Kh1 g6 18. Bc2 Bc8 19. Rg1 Ng7 20. g4 Kh7 21. Rdd1 f5 22. gxf5 Bxf5 23. Ne4 Nd7 24. Neg5+ hxg5 25. Nxg5+ Kh6 26. e4 Rf6 27. Qe3 Nh5 28. Ne6+ Kh7 29. exf5 gxf5 30. Qg5 Qf7 31. Qh4 Rg8 32. Ng5+ Rxg5 33. Rxg5 Rh6 34. Rxf5 1-0

[Event "GER-ch U25-B"]
[Site "Willingen"]
[Date "2019.06.12"]
[Round "6"]
[White "Diegel, Jonas"]
[Black "Zell, Mirjam"]
[Result "1-0"]
[WhiteElo "1787"]
[BlackElo "1660"]
[PlyCount "127"]
[EventDate "2019.06.08"]
[EventType "swiss"]
[EventRounds "9"]
[EventCountry "GER"]
[SourceTitle "CBM 191 Extra"]
[Source "ChessBase"]
[SourceDate "2019.09.30"]
[SourceVersion "1"]
[SourceVersionDate "2019.09.30"]
[SourceQuality "1"]

1. d4 f5 2. c4 Nf6 3. Nc3 d6 4. Nf3 g6 5. e3 Bg7 6. Bd3 c6 7. 0-0 0-0 8. Qc2 Qe8 9. b3 e5 10. dxe5 dxe5 11. e4 f4 12. Ba3 Rf7 13. c5 Kh8 14. Bc4 Rf8 15. Rad1 Nh5 16. Rd3 Be6 17. Bxe6 Qxe6 18. Rd6 Qe7 19. Rfd1 Nf6 20. Na4 Na6 21. Qd3 Rfe8 22. Nb2 Bf8 23. Qc4 Qg7 24. Ng5 Re7 25. Rd8 Rxd8 26. Rxd8 Nc7 27. Nd3 Qg8 28. Nxe5 Qxc4 29. Nxc4 Kg8 30. f3 Rd7 31. Rxd7 Nxd7 32. b4 h6 33. Nh3 g5 34. Na5 b6 35. cxb6 Nxb6 36. Nxc6 Nc4 37. Bc1 Nb5 38. Nf2 Nc3 39. Nd3 Nxa2 40. g3 Nxc1 41. Nxc1 fxg3 42. hxg3 Kf7 43. Nd3 a6 44. Kf2 Bd6 45. e5 Bc7 46. f4 a5 47. bxa5 Nxa5 48. Nxa5 Bxa5 49. f5 h5 50. Kf3 Bd8 51. Ke4 Bc7 52. Ne1 h4 53. gxh4 gxh4 54. Nf3 Bd8 55. Kf4 Kg7 56. Kg4 Kf7 57. Nxh4 Kg7 58. Ng2 Bc7 59. f6+ Kf7 60. Kf5 Bd8 61. e6+ Kf8 62. Nf4 Ke8 63. Ng6 Be7 64. Nxe7 1-0

[Event "GER-ch U25-B"]
[Site "Willingen"]
[Date "2019.06.12"]
[Round "5"]
[White "Halle, Julia"]
[Black "Diegel, Jonas"]
[Result "0-1"]
[WhiteElo "1634"]
[BlackElo "1787"]
[PlyCount "100"]
[EventDate "2019.06.08"]
[EventType "swiss"]
[EventRounds "9"]
[EventCountry "GER"]
[SourceTitle "CBM 191 Extra"]
[Source "ChessBase"]
[SourceDate "2019.09.30"]
[SourceVersion "1"]
[SourceVersionDate "2019.09.30"]
[SourceQuality "1"]

1. e4 e6 2. Nf3 d5 3. e5 c5 4. b4 cxb4 5. a3 Nc6 6. axb4 Bxb4 7. c3 Be7 8. d4 Qc7 9. Bd3 f6 10. Bf4 f5 11. Na3 a6 12. Nb5 Qd8 13. h4 Bd7 14. Nd6+ Bxd6 15. exd6 Nf6 16. Ne5 Rc8 17. 0-0 0-0 18. f3 Ne8 19. Bg5 Nf6 20. g4 Be8 21. gxf5 Qxd6 22. f4 h6 23. Bxf6 Rxf6 24. Qg4 exf5 25. Bxf5 Rc7 26. Ra2 Ne7 27. Bd3 Bd7 28. f5 Bc8 29. h5 Qb6 30. Rg2 Nc6 31. Ng6 Rcf7 32. Re1 Bd7 33. Kh2 Qc7+ 34. Kh1 Qc8 35. Ne5 Nxe5 36. dxe5 Bxf5 37. Bxf5 Rxf5 38. e6 Rf1+ 39. Rxf1 Rxf1+ 40. Kh2 Qc7+ 41. Qg3 Qxg3+ 42. Kxg3 Re1 43. Kf4 Rxe6 44. Rb2 b5 45. Kf5 Kf7 46. Rd2 Re3 47. Rxd5 Rf3+ 48. Ke5 Rxc3 49. Rd7+ Kg8 50. Ke6 a5 0-1

[Event "GER-ch U25-B"]
[Site "Willingen"]
[Date "2019.06.11"]
[Round "4"]
[White "Diegel, Jonas"]
[Black "Reyher, Susan"]
[Result "1/2-1/2"]
[WhiteElo "1787"]
[BlackElo "1714"]
[PlyCount "55"]
[EventDate "2019.06.08"]
[EventType "swiss"]
[EventRounds "9"]
[EventCountry "GER"]
[SourceTitle "CBM 191 Extra"]
[Source "ChessBase"]
[SourceDate "2019.09.30"]
[SourceVersion "1"]
[SourceVersionDate "2019.09.30"]
[SourceQuality "1"]

1. d4 d5 2. Nf3 Nf6 3. c4 dxc4 4. e3 e6 5. Bxc4 a6 6. 0-0 c5 7. a4 Nc6 8. Nc3 cxd4 9. exd4 Be7 10. Re1 0-0 11. Be3 Bd7 12. Qe2 Bb4 13. Bg5 Be7 14. Rad1 Re8 15. Qd2 Na5 16. Ba2 Bb4 17. d5 exd5 18. Rxe8+ Bxe8 19. Bxf6 Qxf6 20. Nxd5 Bxd2 21. Nxf6+ gxf6 22. Rxd2 Bxa4 23. Rd4 Rc8 24. h3 Bb5 25. Nh4 Rc1+ 26. Kh2 Nc6 27. Rd7 Bc4 28. Bxc4 1/2-1/2

[Event "GER-ch U25-B"]
[Site "Willingen"]
[Date "2018.05.24"]
[Round "7"]
[White "Diegel, Jonas"]
[Black "Schmidt, Arne"]
[Result "1/2-1/2"]
[WhiteElo "1783"]
[BlackElo "1727"]
[PlyCount "59"]
[EventDate "2018.05.19"]
[EventType "swiss"]
[EventRounds "9"]
[EventCountry "GER"]
[SourceTitle "CBM 184 Extra"]
[Source "ChessBase"]
[SourceDate "2018.06.28"]
[SourceVersion "1"]
[SourceVersionDate "2018.06.28"]
[SourceQuality "1"]

1. d4 c5 2. d5 d6 3. c4 b5 4. cxb5 a6 5. bxa6 Bxa6 6. e4 Bxf1 7. Kxf1 g6 8. Nc3 Bg7 9. Nge2 Nf6 10. g3 Na6 11. Bd2 0-0 12. b3 Qd7 13. Kg2 Ra7 14. Rb1 Nb4 15. a4 Rb7 16. f3 Ne8 17. Nb5 Nc7 18. Nxc7 Qxc7 19. Qc1 Rfb8 20. Qc4 Qa5 21. Nc3 Na2 22. b4 Nxb4 23. Na2 Qxa4 24. Nxb4 cxb4 25. Rhc1 h6 26. Rb3 Qa2 27. Rc2 Qa4 28. Rc1 Qa2 29. Rc2 Qa4 30. Rc1 1/2-1/2

[Event "GER-ch U25-B"]
[Site "Willingen"]
[Date "2018.05.20"]
[Round "1"]
[White "Diegel, Jonas"]
[Black "Kublanov, Elizabeth"]
[Result "1/2-1/2"]
[WhiteElo "1783"]
[BlackElo "1574"]
[PlyCount "43"]
[EventDate "2018.05.19"]
[EventType "swiss"]
[EventRounds "9"]
[EventCountry "GER"]
[SourceTitle "CBM 184 Extra"]
[Source "ChessBase"]
[SourceDate "2018.06.28"]
[SourceVersion "1"]
[SourceVersionDate "2018.06.28"]
[SourceQuality "1"]

1. d4 d5 2. c4 e6 3. Nf3 c5 4. cxd5 exd5 5. Nc3 Be6 6. g3 Nc6 7. Bg2 h6 8. 0-0 Nf6 9. Re1 Be7 10. Bf4 g5 11. Be5 g4 12. Nh4 Nxe5 13. dxe5 Nh5 14. Nxd5 Bxh4 15. gxh4 0-0 16. Qd2 Kg7 17. Red1 Qxh4 18. Rac1 b6 19. Qc3 Rad8 20. Rd2 Qg5 21. Rcd1 Rc8 22. b3 1/2-1/2

[Event "NRW Class2 1718"]
[Site "Germany"]
[Date "2018.01.28"]
[Round "5.8"]
[White "Diegel, Jonas"]
[Black "Brenner, Ulrich"]
[Result "1/2-1/2"]
[WhiteElo "1804"]
[BlackElo "1784"]
[PlyCount "95"]
[EventDate "2017.09.17"]
[EventType "team-tourn"]
[EventRounds "9"]
[EventCountry "GER"]
[SourceTitle "EXT 2019"]
[Source "ChessBase"]
[SourceDate "2018.10.10"]
[SourceVersion "1"]
[SourceVersionDate "2018.10.10"]
[SourceQuality "1"]
[WhiteTeam "Ennepe Ruhr Sued"]
[BlackTeam "Siegburg"]
[WhiteTeamCountry "GER"]
[BlackTeamCountry "GER"]

1. d4 Nf6 2. Nf3 e6 3. c4 Bb4+ 4. Bd2 Bxd2+ 5. Qxd2 b6 6. Nc3 Bb7 7. e3 0-0 8. Be2 Qe7 9. 0-0 d6 10. Rfd1 Nbd7 11. Rac1 Rac8 12. b3 Ne4 13. Nxe4 Bxe4 14. Qb2 Qf6 15. Nd2 Bb7 16. Qa3 a5 17. Bf3 Bxf3 18. Nxf3 Rfd8 19. Rd2 e5 20. h3 Qf5 21. dxe5 Nxe5 22. Nd4 Qg6 23. Kf1 Qe4 24. Rcd1 Ng6 25. Nf3 Re8 26. Qb2 Ne5 27. Rd4 Qg6 28. Nh4 Qf6 29. Qc2 Ng6 30. Nf3 h6 31. Kg1 Re6 32. Rd5 Rce8 33. Rf5 Qe7 34. Nd4 Re4 35. Qd3 Qd7 36. Rf3 Nh4 37. Rg3 Nf5 38. Nxf5 Qxf5 39. Qc3 Qe5 40. Qxe5 R4xe5 41. Kf1 f5 42. Rd4 Kf7 43. Rf3 g5 44. g4 Kg6 45. Kg2 Kf6 46. Kg3 Kg6 47. a3 R8e7 48. Kg2 1/2-1/2

[Event "GER-ch U25-A"]
[Site "Willingen"]
[Date "2017.06.05"]
[Round "3"]
[White "Diegel, Jonas"]
[Black "Rohde, Niklas"]
[Result "1-0"]
[WhiteElo "1799"]
[BlackElo "1587"]
[PlyCount "129"]
[EventDate "2017.06.04"]
[EventType "swiss"]
[EventRounds "9"]
[EventCountry "GER"]
[SourceTitle "CBM 178 Extra"]
[Source "ChessBase"]
[SourceDate "2017.06.22"]
[SourceVersion "1"]
[SourceVersionDate "2017.06.22"]
[SourceQuality "1"]

1. d4 d6 2. c4 Nf6 3. Nf3 g6 4. Nc3 Bg7 5. Bd2 0-0 6. e3 Nbd7 7. Bd3 c5 8. 0-0 b6 9. Rc1 Bb7 10. Qe2 Rc8 11. b3 Re8 12. Bb1 a6 13. Rfd1 Qc7 14. h3 Qb8 15. Nh2 Qa8 16. f3 d5 17. dxc5 Nxc5 18. cxd5 Nxd5 19. Nxd5 Bxd5 20. e4 Bc6 21. Be3 Bb5 22. Qf2 Red8 23. Rxd8+ Rxd8 24. Kh1 Nd3 25. Bxd3 Rxd3 26. Bxb6 Bh6 27. Re1 Qb8 28. Nf1 Qd6 29. Bc5 Qd8 30. a4 Bc6 31. Qc2 e6 32. Be3 Bxe3 33. Nxe3 Bb7 34. Rd1 Rxd1+ 35. Qxd1 Qc7 36. Ng4 Qc3 37. Qd6 Qc8 38. Qd2 h5 39. Ne5 Qc7 40. Nc4 Bc6 41. Qd6 Qc8 42. Kh2 Kg7 43. Ne5 Be8 44. Qd4 Kh7 45. Nc4 Qc7+ 46. Qd6 Qb7 47. Qb6 Qxb6 48. Nxb6 Bc6 49. Kg3 Kg7 50. Kf4 Kf6 51. Nc4 g5+ 52. Ke3 e5 53. Kd3 Ke6 54. g4 hxg4 55. hxg4 f6 56. Kc3 Bb7 57. Kb4 Kd7 58. Kc5 Kc7 59. Ne3 Kd7 60. b4 Bc6 61. b5 axb5 62. axb5 Bb7 63. Kb6 Bc8 64. Nd5 Ke6 65. Kc7 1-0

[Event "Dortmund Sparkassen op-B 44th"]
[Site "Dortmund"]
[Date "2016.07.12"]
[Round "4"]
[White "Diegel, Jonas"]
[Black "Strack, Patrick"]
[Result "1-0"]
[WhiteElo "1577"]
[BlackElo "1541"]
[PlyCount "63"]
[EventDate "2016.07.09"]
[EventType "swiss"]
[EventRounds "9"]
[EventCountry "GER"]
[SourceTitle "CBM 173 Extra"]
[Source "ChessBase"]
[SourceDate "2016.08.29"]
[SourceVersion "1"]
[SourceVersionDate "2016.08.29"]
[SourceQuality "1"]

1. f4 d5 2. Nf3 c5 3. e3 Nf6 4. d4 e6 5. c3 Nc6 6. Bd3 c4 7. Bc2 b5 8. b3 b4 9. bxc4 bxc3 10. Ba4 Bd7 11. Nxc3 Bb4 12. Bd2 Qa5 13. Qc2 Ne4 14. Bxc6 Bxc6 15. Nxe4 dxe4 16. Bxb4 Qxb4+ 17. Nd2 0-0 18. 0-0 Ba4 19. Nb3 Rac8 20. c5 f5 21. Rfc1 Bb5 22. Qd2 Qxd2 23. Nxd2 Rfd8 24. Rab1 a6 25. Nc4 Bxc4 26. Rxc4 Rc6 27. Rcb4 Kf8 28. Rb7 h6 29. Ra7 g5 30. g3 Ke8 31. Rbb7 gxf4 32. Rh7 1-0

[Event "GER-ch U25-A"]
[Site "Willingen"]
[Date "2016.05.19"]
[Round "7"]
[White "Fischer, Maxi"]
[Black "Diegel, Jonas"]
[Result "1-0"]
[WhiteElo "1640"]
[BlackElo "1678"]
[PlyCount "39"]
[EventDate "2016.05.15"]
[EventType "swiss"]
[EventRounds "9"]
[EventCountry "GER"]
[SourceTitle "CBM 172 Extra"]
[Source "ChessBase"]
[SourceDate "2016.06.21"]
[SourceVersion "1"]
[SourceVersionDate "2016.06.21"]
[SourceQuality "1"]

1. e4 e6 2. d4 d5 3. e5 c5 4. c3 Nc6 5. Nf3 Qb6 6. a3 a5 7. Be2 Nge7 8. 0-0 Nf5 9. b3 cxd4 10. cxd4 Nfxd4 11. Be3 Nxe2+ 12. Qxe2 Bc5 13. Bxc5 Qxc5 14. Nbd2 0-0 15. Qd3 Qe7 16. Rfe1 f6 17. Qe3 fxe5 18. Nxe5 Nxe5 19. Qxe5 Rf5 20. Qxf5 1-0

[Event "GER-ch U25-A"]
[Site "Willingen"]
[Date "2016.05.16"]
[Round "3"]
[White "Diegel, Jonas"]
[Black "Walow, Xenia"]
[Result "0-1"]
[WhiteElo "1678"]
[BlackElo "1575"]
[PlyCount "78"]
[EventDate "2016.05.15"]
[EventType "swiss"]
[EventRounds "9"]
[EventCountry "GER"]
[SourceTitle "CBM 172 Extra"]
[Source "ChessBase"]
[SourceDate "2016.06.21"]
[SourceVersion "1"]
[SourceVersionDate "2016.06.21"]
[SourceQuality "1"]

1. f4 d5 2. Nf3 Nf6 3. e3 Bf5 4. d4 e6 5. c3 Bd6 6. Bd3 Bg6 7. Qe2 Nbd7 8. 0-0 Qe7 9. Nbd2 Ne4 10. a4 Ndf6 11. Ne5 Bh5 12. Ndf3 0-0-0 13. b4 Rdg8 14. Qc2 h6 15. b5 g5 16. a5 gxf4 17. exf4 Qf8 18. b6 Kb8 19. Qb2 Ka8 20. Ba6 Qc8 21. Bxb7+ Qxb7 22. c4 Bxe5 23. fxe5 Nd7 24. c5 Kb8 25. a6 Qc6 26. bxa7+ Kxa7 27. Qb7+ Qxb7 28. axb7+ Kxb7 29. Bxh6 Nb8 30. Be3 Kc6 31. Nd2 Nxd2 32. Bxd2 Kd7 33. Ra3 Nc6 34. Bc3 Rg4 35. Ra4 Rhg8 36. Rf2 R4g7 37. Ra1 Bg6 38. Rd1 Be4 39. Ra1 Rxg2+ 0-1

[Event "GER-ch U25-A"]
[Site "Willingen"]
[Date "2016.05.15"]
[Round "2"]
[White "Adelmeyer, Matti"]
[Black "Diegel, Jonas"]
[Result "1-0"]
[WhiteElo "1677"]
[BlackElo "1678"]
[PlyCount "49"]
[EventDate "2016.05.15"]
[EventType "swiss"]
[EventRounds "9"]
[EventCountry "GER"]
[SourceTitle "CBM 172 Extra"]
[Source "ChessBase"]
[SourceDate "2016.06.21"]
[SourceVersion "1"]
[SourceVersionDate "2016.06.21"]
[SourceQuality "1"]

1. e4 e6 2. d4 d5 3. e5 c5 4. Nf3 Nc6 5. Bf4 Qb6 6. b3 cxd4 7. Bd3 Bb4+ 8. Nbd2 Nge7 9. a3 Bc3 10. Rb1 a5 11. 0-0 Qc7 12. Re1 b6 13. Qe2 Ng6 14. Bg3 Qe7 15. Bb5 Bd7 16. Bxc6 Bxc6 17. b4 axb4 18. axb4 Ra2 19. Qd3 Ba4 20. Nxd4 Bxd4 21. Qxd4 Rxc2 22. b5 Qc5 23. Qxa4 Rxd2 24. Rec1 Qe7 25. Qa8+ 1-0